Obálka
Pro půjčování e-knih musíte být přihlášeni.
Jak si půjčit online?

Čemu se báseň říká /

JIŘÍ ORTEN (*30. 8.1919 – †1.9. 1941) Z komentáře k původnímu LP albu 0 18 0633 "Jiří Orten Čemu se báseň říká" vydanému Supraphonem v roce 1970 a nyní vydávánému poprvé digitálně: "Když je na světě druh lidí, kterému se říká básníci, a Vy přece víte, co to znamená, pak chci být básní...

Celý popis

Uloženo v:
Hlavní autor: Orten, Jiří (Autor)
Další autoři: Kepka, Jaroslav (Autor), Ornest, Zdeněk (Vypravěč-komentátor), Sedláčková, Dagmar (Vypravěč-komentátor), Ornest, Ota (Vypravěč-komentátor), Adamová, Jaroslava (Vypravěč-komentátor)
Médium: E-audiokniha
Vydáno: Praha : Supraphon a.s., 2019
Tagy:
Žádné tagy
LEADER 02170nim a22003017i 4500
001 313303
007 sr nunnnnnnned
024 |a 099925090425 
044 |a xr 
100 1 |a  Orten, Jiří  |4 aut 
245 1 0 |a Čemu se báseň říká /  |c  Orten, Jiří 
264 1 |a Praha :  |b Supraphon a.s.,  |c 2019 
300 |a 1 online zdroj (50 min., 30 sek.) 
336 |a mluvené slovo  |b spw  |2 rdacontent 
337 |a audio  |b s  |2 rdamedia 
338 |a online zdroj  |b cr  |2 rdacarrier 
505 0 0 |t 1. část (24 min., 31 sek.) 
505 0 0 |t 2. část (26 min., 1 sek.) 
520 2 |a JIŘÍ ORTEN (*30. 8.1919 – †1.9. 1941) Z komentáře k původnímu LP albu 0 18 0633 "Jiří Orten Čemu se báseň říká" vydanému Supraphonem v roce 1970 a nyní vydávánému poprvé digitálně: "Když je na světě druh lidí, kterému se říká básníci, a Vy přece víte, co to znamená, pak chci být básníkem celým srdcem a ještě víc, a chci za to zemřít..." To jsou slova z dopisu, který napsal dvacetiletý básník JIŘÍ ORTEN svému staršímu příteli, básníku Františku Halasovi. A skutečně - Jiří Orten byl jedním z "vyvolených": dva roky poté zemřel skutečně "za to", že byl a za všech okolností zůstal básníkem. Bylo to právě v den Ortenových dvadvacátých narozenin, kdy jeho osud básníka - žida, jemuž byla nacistickými zákony zakázáno tvořit a žít, byl "zasažen" koly německého sanitního vozu na tehdejším Rašínově nábřeží v Praze. O tři dny později se uzavřel lidský život Jiřího Ortena; jeho osud básníka však nepřestává zářit temným obzorem našich let... 
700 1 |a  Kepka, Jaroslav  |4 nrt 
700 1 |a  Ornest, Zdeněk  |4 nrt 
700 1 |a  Sedláčková, Dagmar  |4 nrt 
700 1 |a  Ornest, Ota  |4 nrt 
700 1 |a  Adamová, Jaroslava  |4 nrt 
910 |a RBIT002 
998 |d 402621  |a https://core.palmknihy.cz/api/books/402621/cover?sbsdc2  |b https://core.palmknihy.cz/api/books/402621/cover/400?sbsdc2  |c https://core.palmknihy.cz/api/books/402621/cover/50?sbsdc2  |e 2099-01-01  |i 099925090425  |l 3030  |q 49  |r 1  |s https://www.palmknihy.cz/kniha/402621  |t audiobook  |y 2019  |z 1 
999 |d 313301